000 00303pam a2200145 a 4500
020 _c
041 _aeng
082 _bSRI
100 _aSrinath L.S.
245 _aPert and CPM
_hTextual Documents
250 _a1996.
260 _aNew Delhi:
_bEast-West Press.
300 _a202Pages.
930 _a3530
999 _c80450
_d80450